000 00280nam a2200121 a 4500
001 4140
005 20140414132040.0
008 090218s19uu xx 00 eng d
050 _aBB
_bF21 2006
100 _aVisaya, Lourdes
245 _aFanny and the fireflies.
999 _c113832
_d113832